000 00650nas a2200229 4500
001 BR9803087
003 BR-BrBNA
005 20231205100814.0
007 ta
008 230509b bl.|||p| |||| 00| 00por d
040 _aBR-BrBNA
_bpor
_cBiblioteca Nacional de Agricultura
041 _a(Pt)
072 _aE16
100 1 _aGalan, V.B.
100 1 _aSantos, F.A.P.
245 1 _aCustos para criacao de novilhas: como calcular
650 _aNovilho Leiteiro
650 _aCusto de Producao
773 0 _tBalde Branco (Brazil)
_x
_g(Apr 1998), v. 34(402) p. 50-55
_wBR9803087
909 _a202311
_bLúcia
_c55
_dLúcia Elande
942 _2AGRIS
_n0
_cANA
999 _c158196
_d158196